David Copperfield

Na minha lista:
Detalhes bibliográficos
Autor principal: Charles Dickens
Formato: Livro
Idioma:Undetermined
Publicado em: H. Văn Học 1996
Assuntos:
Tags: Adicionar Tag
Sem tags, seja o primeiro a adicionar uma tag!
Thư viện lưu trữ: Trung tâm Học liệu Trường Đại học Cần Thơ
LEADER 00489nam a2200181Ia 4500
001 CTU_53271
008 210402s9999 xx 000 0 und d
020 |b 10000 
082 |a 823.8 
082 |b D548 
100 |a Charles Dickens 
245 0 |a David Copperfield 
245 0 |c Charles Dickens; Văn Hòa biên dịch 
260 |a H. 
260 |b Văn Học 
260 |c 1996 
650 |a english fiction ( vietnamese ) 
980 |a Trung tâm Học liệu Trường Đại học Cần Thơ